Kwadraty potęg liczb do 20 - Statystyki

Ogólne statystyki
  • Ten quiz został rozwiązany 129 razy
  • Średni wynik to 19 z 23
Statystyki odpowiedzi
Potęga Liczba % Poprawnych
1^2 1
100%
10^2 100
99%
4^2 16
99%
5^2 25
99%
6^2 36
99%
2^2 4
99%
7^2 49
99%
8^2 64
99%
9^2 81
99%
3^2 9
99%
11^2 121
96%
12^2 144
96%
13^2 169
95%
15^2 225
83%
14^2 196
79%
20^2 400
75%
16^2 256
69%
17^2 289
63%
18^2 324
59%
19^2 361
50%
25^2 625
46%
24^2 576
39%
26^2 676
36%
Nie znaleziono quizów pasujących do podanych kryteriów
Rozkład punktacji
Procent ludzi z każdym wynikiem
Percentyl według liczby udzielonych odpowiedzi
Twoja historia wyników
Nie rozwiązałeś tego quizu